000 00353 a2200109 4500
001 ART_11332
005 20260410161856.0
008 260409a
245 1 0 _aAspectos económicos de la industria láctea en la provincia de Córdoba
100 1 _aFrediani, Ramón O.
773 0 _tRevista de Economía
_g- Nº 41 (sep. 1984)
_wREV11077
999 _c25475
_d25475